| 000 | 00356nam a22001337a 4500 | ||
|---|---|---|---|
| 041 | _aENG | ||
| 082 |
_a275.4 _bPRA |
||
| 100 | _aPrakash Marandi | ||
| 245 | _aThe brethren in Christ Church: Their Contributions to the Develpment in Purnia District in Bihar | ||
| 260 |
_aHyderabad _bARRC _c2024 |
||
| 300 | _a63 | ||
| 650 | _aChurch History | ||
| 942 | _cTHES | ||
| 999 |
_c23503 _d23503 |
||